EA FC25 All Gold Algeria Players - Statistics

General Stats
  • This quiz has been taken 45 times
  • The average score is 7 of 14
Answer Stats
Rate Club Answer % Correct
85 Al Ahli Riyad Mahrez
100%
83 Milan Ismael Bennacer
95%
78 Dortmund Ramy Bensebaini
74%
79 Wolves Rayan Ait-Nouri
74%
78 Lyon Said Benrahma
50%
78 Stade Rennais Amine Gouiri
40%
75 Al Ittihad Houssem Aouar
40%
78 Lille Nabil Bentaleb
40%
77 Frankfurt Fares Chaibi
36%
76 Lille Aissa Mandi
33%
75 Wolfsburg Mohamed Amoura
26%
76 Nice Hicham Boudaoui
24%
75 Feyenoord Ramiz Zerrouki
21%
76 Charleroi Adem Zorgane
14%
No matching quizzes found
Score Distribution
Percent of People with Each Score
Percentile by Number Answered
Your Score History
You have not taken this quiz